ბათუმის შოთა რუსთაველის სახელმწიფო უნივერსიტეტის ბიბლიოთეკა

"იმერეთის რეგიონის ფლორის ენდემების მრავალფეროვნება, საფრთხეები, კონსერვაცია და გონივრული გამოყენება" : (ბიბ.ჩანაწერი № 57830)

000 -ლიდერი
ფიქსირებული სიგრძის საკონტროლო ველი 01421nam a22002297a 4500
003 - საკონტროლო ნომრის იდენტიფიკატორი
საკონტროლო ველი Ge_BSU
005 - ბოლო ოპერაციის თარიღი და დრო
საკონტროლო ველი 20221221151432.0
008 - ფიქსირებული სიგრძის მონაცემთა ელემენტები - ზოგადი ინფორმაცია
ფიქსირებული სიგრძის საკონტროლო ველი 210121s2020 ge ||||| |||| 00| 0 geo d
041 ## - ენის კოდი
Language code of text/sound track or separate title geo
080 ## - უნივერსალური ათობითი კლასიფიკაციის ინდექსი
Universal Decimal Classification number 581.9(479.22) ჯ-33
100 ## - მთავარი ჩანაწერი - პიროვნების სახელი
Personal name ჭეიშვილი, თამარ
9 (RLIN) 10070
245 ## - ცნობა სათაურის შესახებ
Title "იმერეთის რეგიონის ფლორის ენდემების მრავალფეროვნება, საფრთხეები, კონსერვაცია და გონივრული გამოყენება" :
Remainder of title სადოქტორო ნაშრომი /
Statement of responsibility, etc სამეცნ. ხელმძღვ. იზოლდა მაჭუტაძე; ბსუ. საბუნებისმეტყველო მეცნიერებათა და ჯანდაცვის ფაკ-ტი.
264 ## - წარმოების, გამოცემის, დისტრიბუციის და სხვა ცნობები
გამოცემის, წარმოების, დისტრიბუციის... ადგილი ბათუმი,
გამოცემის, წარმოების, დისტრიბუციის... თარიღი 2020.
300 ## - ფიზიკური აღწერა
Extent 138 გვ.
Other physical details 30 სმ.
653 ## - INDEX TERM--UNCONTROLLED
Uncontrolled term ბიოლოგია
653 ## - INDEX TERM--UNCONTROLLED
Uncontrolled term ფლორა
653 ## - INDEX TERM--UNCONTROLLED
Uncontrolled term დისერტაცია
700 ## - ADDED ENTRY--PERSONAL NAME
Personal name მაჭუტაძე, იზოლდა
Relator term სამეცნ. ხელმძღვანელი
9 (RLIN) 10071
710 ## - ADDED ENTRY--CORPORATE NAME
Corporate name or jurisdiction name as entry element ბსუ.
9 (RLIN) 10072
710 ## - ADDED ENTRY--CORPORATE NAME
Corporate name or jurisdiction name as entry element საბუნებისმეტყველო მეცნიერებათა და ჯანდაცვის ფაკ-ტი.
9 (RLIN) 9940
942 ## - ADDED ENTRY ELEMENTS (KOHA)
Source of classification or shelving scheme
Koha item type დისერტაცია
ეგზემპლარები
ჩამოწერის სტატუსი დაკარგული ეგზემპლარის სტატუსი კლასიფიკაციის წყარო ან თაროზე გაწყობის სქემა დაზიანების სტატუსი არ გაიცემა მუდმივი მდებარეობა (დაცვის ადგილი) ამჟამინდელი ადგილსამყოფელი თაროზე განთავსების ადგილი შეძენის თარიღი სრული შენახვის შიფრი შტრიხკოდი ბოლო ოპერაციის თარიღი ეგზემპლარის მიმდევრობითი ნომერი (კეტერი?) ფასის ძალაში შესვლის თარიღი ეგზემპლარის სახეობა
          ბათუმის შოთა რუსთაველის სახელმწიფო უნივერსიტეტის მთავარი ბიბლიოთეკა ბათუმის შოთა რუსთაველის სახელმწიფო უნივერსიტეტის მთავარი ბიბლიოთეკა წიგნსაცავი 2021-01-21 581.9(479.22) ჯ-33 348 დისერტაცია 2021-01-21 348 2021-01-21 დისერტაცია